Efektivnost distančních forem studia při výuce logistiky na FaME UTB ve Zlíně
Vývoj výučby logistiky na FaME UTB v Zlíne, Česká republika. Podpora výučby v realizovaných študijných programoch. E- learningový kurz logistiky v LMS EDEN. Aplikácia e-learningových foriem v prezenčnom a kombinovanom štúdiu na vysokých školách.
Salvato in:
| Autore principale: | |
|---|---|
| Natura: | Capitolo di libro |
| Lingua: | ceco |
| Soggetti: | |
| Tags: |
Nessun Tag, puoi essere il primo ad aggiungerne!!
|
MARC
| LEADER | 00000nla$a2200000$$$4500 | ||
|---|---|---|---|
| 001 | 0113353 | ||
| 005 | 20221128083536.5 | ||
| 041 | 0 | |a cze | |
| 044 | |a SK | ||
| 245 | 1 | 0 | |a Efektivnost distančních forem studia při výuce logistiky na FaME UTB ve Zlíně |c Roman Bobák |
| 520 | |a Vývoj výučby logistiky na FaME UTB v Zlíne, Česká republika. Podpora výučby v realizovaných študijných programoch. E- learningový kurz logistiky v LMS EDEN. Aplikácia e-learningových foriem v prezenčnom a kombinovanom štúdiu na vysokých školách. | ||
| 610 | 2 | 0 | |a Česko |
| 610 | 2 | 0 | |a vzdelávanie elektronické |
| 610 | 2 | 0 | |a štúdium vysokoškolské |
| 610 | 2 | 0 | |a programy študijné |
| 610 | 2 | 0 | |a logistika |
| 610 | 2 | 0 | |a realita virtuálna |
| 100 | 1 | |a Bobák, Roman | |